|
|
|
|
| LEADER |
00963nam a2200229 a 4500 |
| 001 |
1053836 |
| 008 |
100216s1991 njua b 001 0 eng d |
| 010 |
|
|
|a 90036115
|
| 020 |
|
|
|a 0137314981 :
|c $34.50
|
| 040 |
|
|
|a DLC
|c DLC
|d DLC
|d DB-DhAAL
|
| 082 |
0 |
0 |
|a 004.165
|2 20
|
| 100 |
1 |
|
|a Mimar, Tibet,
|d 1954-
|
| 245 |
1 |
0 |
|a Programming and designing with the 68000 family :
|b including the 68000, the 68010/12, the 68020, and the 68030 /
|c Tibet Mimar.
|
| 260 |
|
|
|a Englewood Cliffs, N.J. :
|b Prentice Hall,
|c c1991.
|
| 300 |
|
|
|a xiii, 641 p. :
|b ill. ;
|c 25 cm.
|
| 504 |
|
|
|a Includes bibliographical references and index.
|
| 541 |
1 |
|
|e 00015691
|
| 650 |
|
0 |
|a Motorola 68000 series microprocessors
|x Programming.
|
| 650 |
|
0 |
|a Computer architecture.
|
| 852 |
4 |
|
|a Ayesha Abed Library
|j General Shelf.
|
| 999 |
|
|
|c 7561
|d 7561
|
| 952 |
|
|
|0 0
|1 0
|2 ddc
|4 0
|6 004_165000000000000_MIM_1991
|7 0
|9 8197
|a BRACUL
|b BRACUL
|c GEN
|d 2010-02-16
|l 0
|o 004.165 MIM
|p 3010015691
|r 2010-02-16
|t 1
|w 2010-02-16
|y BK
|